| 000 | 00442nam a2200169Ia 4500 | ||
|---|---|---|---|
| 003 | GCL | ||
| 008 | 140319s9999 xx 000 0 ara d | ||
| 040 |
_aGCL / _cGCL |
||
| 082 | 0 | 4 |
_aد _b050 |
| 100 | 1 | _aمفيد فوزى | |
| 245 | 1 | 0 |
_aكندا حلم المهاجرين (اقرا 370 ) / _cمفيد فوزى |
| 300 | _a225 | ||
| 490 |
_aاقرأ _v0 |
||
| 650 | 0 | 4 | _aالهجرة الخارجية |
| 650 | 0 | 4 | _aكندا |
| 942 |
_2ddc _cBK |
||
| 999 |
_c48741 _d48741 |
||